| 000 | 01264cam a2200325 a 4500 | ||
|---|---|---|---|
| 999 |
_c9839 _d9839 |
||
| 001 | 8169730 | ||
| 003 | OCoLC | ||
| 005 | 20210204162252.0 | ||
| 008 | 820115s1982 miu b 000 0 eng | ||
| 010 | _a 81022224 | ||
| 020 | _a0802835422 | ||
| 020 | _a9780802835420 | ||
| 035 |
_a(OCoLC)8169730 _z(OCoLC)692292300 |
||
| 040 |
_aDLC _beng _cDLC _dBAKER _dBTCTA _dHNW _dYDXCP _dOCLCF _dOCLCQ _dCFT _dCIRBC |
||
| 050 | 0 | 0 |
_aBV4211.2 _b.ST888B |
| 082 | 0 | 0 |
_a251 _219 _bST888B |
| 092 | 0 |
_a251 _bST888B |
|
| 100 | 1 | _aStott, John R. W. | |
| 245 | 1 | 0 |
_aBetween two worlds : _bthe art of preaching in the twentieth century / _cJohn R.W. Stott. |
| 250 | _a1st American ed. | ||
| 260 |
_aGrand Rapids, Mich. : _bW.B. Eerdmans, _c1982. |
||
| 300 |
_a351 pages ; _c22 cm |
||
| 336 |
_atext _btxt _2rdacontent |
||
| 337 |
_aunmediated _bn _2rdamedia |
||
| 338 |
_avolume _bnc _2rdacarrier |
||
| 504 | _aIncludes bibliographical references (pages 341-351). | ||
| 505 | 0 | 0 |
_tThe glory of preaching : a historical sketch -- _tContemporary objections to preaching -- _tTheological foundations for preaching -- _tPreaching as bridge-building -- _tThe call to study -- _tPreparing sermons -- _tSincerity and earnestness -- _tCourage and humility. |
| 650 | 0 | _aPreaching. | |
| 942 |
_2ddc _cBK |
||